Cell separation: fundamentals, analytical and preparative methods
Salvato in:
| Autore principale: | |
|---|---|
| Altri autori: | , |
| Natura: | Libro |
| Lingua: | inglese |
| Pubblicazione: |
Berlín, Alemania.
Springer.
2007
|
| Serie: | Advances in Biochemical Engineering - Biotechnology.
106 |
| Soggetti: | |
| Tags: |
Aggiungi Tag
Nessun Tag, puoi essere il primo ad aggiungerne!!
|
MARC
| LEADER | 00000cam a2200000 a 4500 | ||
|---|---|---|---|
| 001 | UCC1939 | ||
| 003 | CL-VaPUC | ||
| 005 | 20240104124839.0 | ||
| 008 | 171208e20070000gw |||||||||||||||||eng|d | ||
| 999 | |c 370269 |d 370267 | ||
| 020 | |a 9783540752622 | ||
| 040 | |c Pontificia Universidad Católica de Valparaíso | ||
| 082 | 0 | 4 | |a 543.08 KUM 2007 |2 21 |
| 100 | |a Kumar, Ashok |9 719773 | ||
| 245 | 1 | 0 | |a Cell separation: fundamentals, analytical and preparative methods |
| 260 | 0 | 3 | |a Berlín, Alemania. |b Springer. |c 2007 |
| 300 | |a 203 páginas | ||
| 490 | 0 | |a Advances in Biochemical Engineering - Biotechnology. |v 106 | |
| 583 | |a last modification |c 20171208 18:54:00 |k Rodrigo Vera | ||
| 650 | 0 | |a Cromatografía |9 263967 | |
| 650 | 0 | |a Química analítica |9 259648 | |
| 650 | 0 | |a Análisis químico |9 344456 | |
| 650 | 0 | |a Células |9 269548 | |
| 700 | 0 | |a Galaev, Igor Yu |9 596047 | |
| 700 | 0 | |a Mattiasson, Bo |9 596048 | |
| 942 | |c BK |2 ddc | ||
| 945 | |d 20171208 18:54:00 |a arojas | ||
| 952 | |0 0 |1 0 |2 ddc |3 erd |4 0 |6 543_080000000000000_KUM_2007 |7 0 |8 A |9 486634 |a BIBING |b BIBING |i 5441358 |o 543.08 KUM 2007 |p 5441358 |r 2025-01-20 |t 1 |w 2019-11-24 |y BK |z Catalogado en:20171208 |k EIB | ||